Human cognition of complex thought patterns
How much is our perception of the present determined by our experience of the past?
Elmentve itt :
| Szerző: | |
|---|---|
| Testületi szerző: | |
| Dokumentumtípus: | Cikk |
| Megjelent: |
2002
|
| Sorozat: | Acta cybernetica
15 No. 4 |
| Kulcsszavak: | Számítástechnika, Kibernetika |
| Tárgyszavak: | |
| Online Access: | http://acta.bibl.u-szeged.hu/12691 |
| LEADER | 00920nab a2200229 i 4500 | ||
|---|---|---|---|
| 001 | acta12691 | ||
| 005 | 20220614145659.0 | ||
| 008 | 161015s2002 hu o 0|| eng d | ||
| 022 | |a 0324-721X | ||
| 040 | |a SZTE Egyetemi Kiadványok Repozitórium |b hun | ||
| 041 | |a eng | ||
| 100 | 1 | |a Sneed Harry M. | |
| 245 | 1 | 0 | |a Human cognition of complex thought patterns |h [elektronikus dokumentum] / |c Sneed Harry M. |
| 260 | |c 2002 | ||
| 300 | |a 481-487 | ||
| 490 | 0 | |a Acta cybernetica |v 15 No. 4 | |
| 520 | 3 | |a How much is our perception of the present determined by our experience of the past? | |
| 650 | 4 | |a Természettudományok | |
| 650 | 4 | |a Számítás- és információtudomány | |
| 695 | |a Számítástechnika, Kibernetika | ||
| 710 | |a Finno-Ugoric Symposium on Programming Languages and Software Tools (7.) (2001) (Szeged) | ||
| 856 | 4 | 0 | |u http://acta.bibl.u-szeged.hu/12691/1/cybernetica_015_numb_004_481-487.pdf |z Dokumentum-elérés |